[Event "FIDE World Blitz-ch Women 2018"]
[Site "St. Petersburg"]
[Date "2018.12.30"]
[Round "13.35"]
[White "Protopopova, Anastasiya"]
[Black "Arutyunova, Diana"]
[Result "1-0"]
[WhiteElo "2304"]
[BlackElo "2227"]
[Annotator "NA"]
[PlyCount "155"]
[EventDate "2018.12.19"]
[EventType "swiss"]
[EventCountry "RUS"]
[SourceTitle "playchess.com"]
[Source "ChessBase"]
[SourceQuality "1"]

1. d4 e6 2. c4 f5 3. g3 Nf6 4. Bg2 Be7 5. Nc3 O-O 6. Nf3 d6 7. O-O Ne4 8. Qc2 Nxc3 9. Qxc3 a5 10. b3 Bf6 11. Bb2 Nc6 12. Rad1 Qe8 13. Qc2 e5 14. e3 Qh5 15. a3 f4 16. dxe5 dxe5 17. exf4 exf4 18. Rd5 Qh6 19. Bxf6 Qxf6 20. Re1 Be6 21. Rb5 Bg4 22. Ng5 Bf5 23. Rxf5 Qxf5 24. Bd5+ Kh8 25. Qxf5 Rxf5 26. Nf7+ Rxf7 27. Bxf7 Nd4 28. Rb1 Rf8 29. Bd5 c6 30. Be4 Re8 31. f3 Ne2+ 32. Kf2 Nc3 33. Re1 a4 34. bxa4 fxg3+ 35. hxg3 Nxa4 36. Bc2 Rxe1 37. Kxe1 Nc5 38. Kd2 h5 39. Kc3 Nd7 40. Kd4 Kg8 41. Bf5 Nf6 42. Bc8 b6 43. Bb7 c5+ 44. Ke5 Kf8 45. Kd6 g5 46. Kc7 h4 47. gxh4 gxh4 48. f4 Ke7 49. Kxb6 Kd6 50. a4 Nd7+ 51. Kb5 Kc7 52. Bg2 Kb8 53. f5 Ka7 54. Kc6 Ne5+ 55. Kxc5 Ka6 56. f6 Ka5 57. Kd6 Nxc4+ 58. Ke6 Ne3 59. Bh3 Nc2 60. f7 Nd4+ 61. Ke7 Nc6+ 62. Ke8 Kxa4 63. f8=Q Ka5 64. Qf5+ Kb6 65. Qe6 Kc5 66. Kd7 Nd4 67. Qd6+ Kc4 68. Bf1+ Kc3 69. Qc5+ Kd2 70. Qxd4+ Kc2 71. Qxh4 Kc3 72. Qc4+ Kb2 73. Bd3 Ka3 74. Qc3+ Ka4 75. Bc2+ Kb5 76. Bb3 Kb6 77. Qb4+ Ka7 78. Kc7 1-0

[Event "FIDE World Blitz-ch Women 2018"]
[Site "St. Petersburg"]
[Date "2018.12.30"]
[Round "13.36"]
[White "Gritsayeva, Oksana"]
[Black "Dordzhieva, Dinara"]
[Result "0-1"]
[WhiteElo "2378"]
[BlackElo "2340"]
[Annotator "NA"]
[PlyCount "84"]
[EventDate "2018.12.19"]
[EventType "swiss"]
[EventCountry "RUS"]
[SourceTitle "playchess.com"]
[Source "ChessBase"]
[SourceQuality "1"]

1. e4 c5 2. Nf3 d6 3. Bb5+ Nd7 4. d4 cxd4 5. Qxd4 a6 6. Bxd7+ Bxd7 7. c4 Nf6 8. Nc3 g6 9. O-O Bg7 10. b3 O-O 11. Bb2 Bc6 12. Nd5 Bxd5 13. exd5 Rc8 14. Qh4 Re8 15. Ng5 h6 16. Nf3 Qd7 17. Rfe1 b5 18. Rac1 bxc4 19. bxc4 Rb8 20. Ba1 Rbc8 21. Nd4 Qa4 22. Nc6 Nxd5 23. Nxe7+ Nxe7 24. Rxe7 Rxe7 25. Qxe7 Rxc4 26. Re1 Bxa1 27. Rxa1 Qxa2 28. Qf6 Qd2 29. h3 Rc1+ 30. Rxc1 Qxc1+ 31. Kh2 Qc5 32. f4 a5 33. Qb2 a4 34. Qb8+ Kh7 35. Qa8 Qc4 36. g3 Qa2+ 37. Kg1 a3 38. Qa7 Qb1+ 39. Kg2 Qb3 40. Qa6 a2 41. h4 Qb2+ 42. Kh3 a1=Q 0-1

[Event "FIDE World Blitz-ch Women 2018"]
[Site "St. Petersburg"]
[Date "2018.12.30"]
[Round "13.37"]
[White "Atalik, Ekaterina"]
[Black "Fominykh, Maria"]
[Result "0-1"]
[WhiteElo "2447"]
[BlackElo "2259"]
[Annotator "NA"]
[PlyCount "80"]
[EventDate "2018.12.19"]
[EventType "swiss"]
[EventCountry "RUS"]
[SourceTitle "playchess.com"]
[Source "ChessBase"]
[SourceQuality "1"]

1. d4 d6 2. Nf3 g6 3. g3 Bg7 4. Bg2 Nf6 5. O-O O-O 6. b3 a5 7. Bb2 a4 8. c4 Nc6 9. d5 Na5 10. Bd4 c5 11. Bc3 Bf5 12. Nbd2 Ne4 13. Bxg7 Kxg7 14. Nxe4 Bxe4 15. Ne1 Bxg2 16. Kxg2 e5 17. e4 b5 18. cxb5 axb3 19. a4 c4 20. Qd2 Qb6 21. Nf3 Qc5 22. Nh4 h6 23. Rac1 Qd4 24. Qxd4 exd4 25. Nf3 d3 26. Rc3 Rfe8 27. Nd2 Rac8 28. f3 f5 29. Rfc1 fxe4 30. Nxe4 d2 31. Rd1 b2 32. Kf2 Nb3 33. Rc2 Rxe4 34. fxe4 c3 35. b6 Nc1 36. b7 Rb8 37. Rxc3 b1=Q 38. Rc7+ Kf6 39. Ke3 Qd3+ 40. Kf2 Qe2+ 0-1

[Event "FIDE World Blitz-ch Women 2018"]
[Site "St. Petersburg"]
[Date "2018.12.30"]
[Round "13.38"]
[White "Khomeriki, Nino"]
[Black "Kabanova, Ekaterina"]
[Result "0-1"]
[WhiteElo "2347"]
[BlackElo "2095"]
[Annotator "NA"]
[PlyCount "78"]
[EventDate "2018.12.19"]
[EventType "swiss"]
[EventCountry "RUS"]
[SourceTitle "playchess.com"]
[Source "ChessBase"]
[SourceQuality "1"]

1. d4 c5 2. d5 e5 3. e4 d6 4. c4 Ne7 5. Bd3 Ng6 6. Nf3 Bg4 7. O-O Be7 8. Be3 O-O 9. Nbd2 Nd7 10. Rb1 h6 11. a3 Bg5 12. b4 b6 13. h3 Bxf3 14. Nxf3 Bf4 15. g3 Bxe3 16. fxe3 cxb4 17. axb4 a5 18. Nd2 Qg5 19. Qe1 axb4 20. Rf5 Qd8 21. Rxb4 Ra2 22. Be2 Qc7 23. Bh5 Rfa8 24. Rb1 R8a3 25. Rf2 Nc5 26. Qf1 Qe7 27. Rxb6 Rxe3 28. Rxf7 Rxg3+ 29. Kh2 Rxd2+ 30. Kh1 Rxh3+ 31. Qxh3 Qxf7 32. Rb8+ Kh7 33. Qf5 Qxf5 34. exf5 Nf4 35. Bf7 h5 36. Bg8+ Kh6 37. Rd8 Ne4 38. Bf7 Ng3+ 39. Kg1 Nh3# 0-1

[Event "FIDE World Blitz-ch Women 2018"]
[Site "St. Petersburg"]
[Date "2018.12.30"]
[Round "13.39"]
[White "Shvayger, Yuliya"]
[Black "Belenkaya, Dina"]
[Result "1-0"]
[WhiteElo "2393"]
[BlackElo "2338"]
[Annotator "NA"]
[PlyCount "81"]
[EventDate "2018.12.19"]
[EventType "swiss"]
[EventCountry "RUS"]
[SourceTitle "playchess.com"]
[Source "ChessBase"]
[SourceQuality "1"]

1. e4 c6 2. d4 d5 3. exd5 cxd5 4. c4 Nf6 5. Nc3 Nc6 6. Bg5 Be6 7. Be2 g6 8. Bxf6 exf6 9. Bf3 Nb4 10. a3 Na6 11. Nxd5 Bg7 12. Ne2 O-O 13. O-O f5 14. Rc1 g5 15. g3 Rc8 16. Ne3 Qb6 17. b4 f4 18. gxf4 Bh3 19. Re1 gxf4 20. Nxf4 Bd7 21. c5 Qf6 22. Nfg2 Nc7 23. d5 Bh3 24. Bg4 Bxg4 25. Qxg4 Rce8 26. Rcd1 Qc3 27. d6 Ne6 28. Nf5 Kh8 29. Re3 Qc2 30. Rxe6 Qxd1+ 31. Qxd1 Rxe6 32. Nxg7 Kxg7 33. Ne3 Rfe8 34. Qd4+ Kg8 35. b5 Rg6+ 36. Kf1 Rh6 37. c6 bxc6 38. bxc6 Rb8 39. c7 Rb1+ 40. Ke2 Rb2+ 41. Qxb2 1-0

[Event "FIDE World Blitz-ch Women 2018"]
[Site "St. Petersburg"]
[Date "2018.12.30"]
[Round "13.40"]
[White "Gvanceladze, Anna"]
[Black "Nguyen, Thi Mai Hung"]
[Result "1-0"]
[WhiteElo "2264"]
[BlackElo "2280"]
[Annotator "NA"]
[PlyCount "73"]
[EventDate "2018.12.19"]
[EventType "swiss"]
[EventCountry "RUS"]
[SourceTitle "playchess.com"]
[Source "ChessBase"]
[SourceQuality "1"]

1. e4 e6 2. Qe2 c5 3. g3 Nc6 4. Nf3 Nge7 5. Bg2 d5 6. e5 Ng6 7. O-O Be7 8. c3 Qc7 9. Re1 b6 10. d3 Ba6 11. Nbd2 O-O 12. h4 Rfd8 13. Nf1 Rac8 14. N1h2 d4 15. c4 b5 16. b3 bxc4 17. bxc4 Rb8 18. h5 Nf8 19. Ng4 Nb4 20. Ng5 Bb7 21. Ne4 Qa5 22. a3 Nc2 23. Bd2 Qc7 24. Ba5 Qxa5 25. Qxc2 Nd7 26. Qe2 Qc7 27. Rab1 Bc6 28. f4 Rxb1 29. Rxb1 Rb8 30. Rxb8+ Nxb8 31. h6 Qb7 32. hxg7 Kxg7 33. Ngf6 Bxf6 34. Nxf6 Kf8 35. Qg4 Nd7 36. Qg8+ Ke7 37. Qe8# 1-0

[Event "FIDE World Blitz-ch Women 2018"]
[Site "St. Petersburg"]
[Date "2018.12.30"]
[Round "13.41"]
[White "Paramzina, Anastasya"]
[Black "Tokhirjonova, Gulrukhbegim"]
[Result "0-1"]
[WhiteElo "2229"]
[BlackElo "2444"]
[Annotator "NA"]
[PlyCount "80"]
[EventDate "2018.12.19"]
[EventType "swiss"]
[EventCountry "RUS"]
[SourceTitle "playchess.com"]
[Source "ChessBase"]
[SourceQuality "1"]

1. e4 e5 2. Nf3 Nc6 3. Bc4 Bc5 4. O-O Nf6 5. d3 d6 6. c3 a6 7. Bb3 Ba7 8. Re1 h6 9. Nbd2 O-O 10. Nf1 Ne7 11. d4 Ng6 12. h3 c6 13. Be3 Qc7 14. Ng3 b5 15. Qd2 Kh7 16. Bc2 Re8 17. Nf5 Bxf5 18. exf5 Nf8 19. dxe5 dxe5 20. Bxa7 Rxa7 21. g4 e4 22. Nh2 Qe5 23. f4 Qc5+ 24. Qd4 Qxd4+ 25. cxd4 Rae7 26. g5 Nd5 27. Ng4 f6 28. g6+ Kh8 29. Nf2 e3 30. Nd3 Nd7 31. a3 e2 32. Kf2 Re3 33. Nb4 Rxh3 34. Nxd5 cxd5 35. Kg2 Rhe3 36. Bb1 Nb6 37. Ba2 Nc4 38. Rac1 Nxb2 39. Kf2 Nd3+ 40. Kg2 Nxc1 0-1

[Event "FIDE World Blitz-ch Women 2018"]
[Site "St. Petersburg"]
[Date "2018.12.30"]
[Round "13.42"]
[White "Bezgodova, Svetlana"]
[Black "Petrova, Irina"]
[Result "1-0"]
[WhiteElo "2046"]
[BlackElo "2124"]
[Annotator "NA"]
[PlyCount "47"]
[EventDate "2018.12.19"]
[EventType "swiss"]
[EventCountry "RUS"]
[SourceTitle "playchess.com"]
[Source "ChessBase"]
[SourceQuality "1"]

1. Nf3 d5 2. g3 Nf6 3. Bg2 Bg4 4. O-O c6 5. d3 Nbd7 6. c4 e6 7. Be3 Bd6 8. Qb3 Qc7 9. Nc3 O-O 10. Rac1 Rac8 11. cxd5 exd5 12. Nb5 Qb8 13. Nxd6 Qxd6 14. Qxb7 Bxf3 15. Bxf3 Ne5 16. Bc5 Nxf3+ 17. exf3 Qe6 18. Bxf8 Rxf8 19. Qxc6 Qh3 20. Rfe1 Qh5 21. Kg2 Qg6 22. d4 Qg5 23. Qd6 Qd2 24. Qxf8+ 1-0

[Event "FIDE World Blitz-ch Women 2018"]
[Site "St. Petersburg"]
[Date "2018.12.30"]
[Round "13.43"]
[White "Badelka, Olga"]
[Black "Afonasieva, Anna"]
[Result "1-0"]
[WhiteElo "2385"]
[BlackElo "2207"]
[Annotator "NA"]
[PlyCount "69"]
[EventDate "2018.12.19"]
[EventType "swiss"]
[EventCountry "RUS"]
[SourceTitle "playchess.com"]
[Source "ChessBase"]
[SourceQuality "1"]

1. d4 d5 2. Nc3 Nf6 3. Bf4 c5 4. dxc5 e6 5. e3 Bxc5 6. Nf3 O-O 7. a3 Nc6 8. Nd4 Bd6 9. Bg3 e5 10. Nxc6 bxc6 11. Be2 Bf5 12. O-O Rb8 13. b4 a5 14. b5 Qc7 15. Qd2 Ne4 16. Nxe4 Bxe4 17. bxc6 Qxc6 18. Qxa5 Qxc2 19. Bf3 Ra8 20. Qb6 Bc7 21. Qb4 Bxf3 22. gxf3 Qg6 23. Rfd1 Rfd8 24. a4 e4 25. fxe4 Bxg3 26. hxg3 dxe4 27. a5 Rxd1+ 28. Rxd1 Qh5 29. Ra1 h6 30. a6 Qd5 31. a7 Qd8 32. Qxe4 Qc8 33. Qd4 Qe8 34. Rb1 Qc8 35. Qb6 1-0

[Event "FIDE World Blitz-ch Women 2018"]
[Site "St. Petersburg"]
[Date "2018.12.30"]
[Round "13.44"]
[White "Shafigullina, Zarina"]
[Black "Gromova, Iulia"]
[Result "1-0"]
[WhiteElo "2140"]
[BlackElo "2241"]
[Annotator "NA"]
[PlyCount "65"]
[EventDate "2018.12.19"]
[EventType "swiss"]
[EventCountry "RUS"]
[SourceTitle "playchess.com"]
[Source "ChessBase"]
[SourceQuality "1"]

1. d4 Nf6 2. Nf3 g6 3. g3 Bg7 4. Bg2 O-O 5. c4 c6 6. O-O d5 7. Ne5 Bf5 8. Nc3 Ne4 9. cxd5 cxd5 10. Qb3 Nxc3 11. bxc3 Be6 12. Qxb7 Nd7 13. Nxd7 Qxd7 14. Qxd7 Bxd7 15. Bxd5 Rab8 16. Ba3 Rfc8 17. Rfc1 e6 18. Bf3 Bb5 19. Bc5 a6 20. c4 Rxc5 21. dxc5 Bxa1 22. cxb5 Bb2 23. Rc2 Rxb5 24. c6 Be5 25. c7 Bxc7 26. Rxc7 Rb2 27. a4 Rb4 28. Bc6 Rc4 29. Rc8+ Kg7 30. Bd7 Rd4 31. Rc7 Kh6 32. e3 Rb4 33. Ra7 1-0

[Event "FIDE World Blitz-ch Women 2018"]
[Site "St. Petersburg"]
[Date "2018.12.30"]
[Round "13.45"]
[White "Lelekova, Olga"]
[Black "Yurasova, Daria"]
[Result "1-0"]
[WhiteElo "2261"]
[BlackElo "2190"]
[Annotator "NA"]
[PlyCount "97"]
[EventDate "2018.12.19"]
[EventType "swiss"]
[EventCountry "RUS"]
[SourceTitle "playchess.com"]
[Source "ChessBase"]
[SourceQuality "1"]

1. e4 e5 2. Nf3 Nc6 3. Bb5 Nf6 4. Qe2 d6 5. O-O Be7 6. c3 a6 7. Ba4 b5 8. Bb3 O-O 9. d3 Bb7 10. Rd1 Qc8 11. Nbd2 h6 12. Nf1 Re8 13. Ng3 Bf8 14. Nh4 Ne7 15. Nhf5 Nxf5 16. Nxf5 d5 17. Ng3 c5 18. Bd2 c4 19. dxc4 dxc4 20. Bc2 Qc7 21. b3 Rac8 22. b4 Rcd8 23. Be1 a5 24. a3 axb4 25. axb4 Ra8 26. f3 Red8 27. Nf5 Nh5 28. Bd2 Nf4 29. Bxf4 exf4 30. Nd4 Qb6 31. Qf2 g6 32. g3 fxg3 33. hxg3 Bg7 34. Rxa8 Bxa8 35. Kg2 Bb7 36. Qe3 Ra8 37. Rd2 Ra2 38. Kf2 h5 39. f4 Bc8 40. e5 Qb7 41. Qf3 Qb6 42. Qe3 Qb7 43. Qf3 Qb6 44. Qc6 Qxc6 45. Nxc6 Kh7 46. Ke3 Ra3 47. Kd4 Bg4 48. Na5 Ra2 49. Bxg6+ 1-0

[Event "FIDE World Blitz-ch Women 2018"]
[Site "St. Petersburg"]
[Date "2018.12.30"]
[Round "13.46"]
[White "Savina, Anastasia"]
[Black "Geller, Anastasiya"]
[Result "1-0"]
[WhiteElo "2334"]
[BlackElo "2187"]
[Annotator "NA"]
[PlyCount "95"]
[EventDate "2018.12.19"]
[EventType "swiss"]
[EventCountry "RUS"]
[SourceTitle "playchess.com"]
[Source "ChessBase"]
[SourceQuality "1"]

1. d4 d5 2. c4 e6 3. Nc3 Nf6 4. cxd5 exd5 5. Bg5 Nbd7 6. e3 c6 7. Bd3 Be7 8. Qc2 h6 9. Bh4 O-O 10. Nge2 Re8 11. O-O Ne4 12. Bxe7 Qxe7 13. Rae1 Ndf6 14. f3 Nxc3 15. Nxc3 Be6 16. Kh1 c5 17. dxc5 Qxc5 18. Nb5 Qxc2 19. Bxc2 Rac8 20. Bb3 Rc5 21. a4 a6 22. Nd6 Re7 23. Rc1 Rxc1 24. Rxc1 d4 25. Nc8 Bxc8 26. Rxc8+ Kh7 27. Bc2+ g6 28. e4 Rd7 29. Bd3 Ng8 30. Kg1 Ne7 31. Rc5 Kg7 32. Kf2 Nc6 33. Ke2 Nb4 34. Rc4 a5 35. Rc5 b6 36. Rc8 Rd6 37. Kd2 Kf6 38. Bc4 Rd7 39. b3 h5 40. Rb8 d3 41. Rxb6+ Ke5 42. g3 h4 43. Rb5+ Kf6 44. f4 hxg3 45. hxg3 Rd8 46. Rxa5 Kg7 47. Ra7 Rf8 48. Rd7 1-0

[Event "FIDE World Blitz-ch Women 2018"]
[Site "St. Petersburg"]
[Date "2018.12.30"]
[Round "13.47"]
[White "Lysenko, Margarita"]
[Black "Goltseva, Ekaterina"]
[Result "1-0"]
[WhiteElo "2190"]
[BlackElo "2153"]
[Annotator "NA"]
[PlyCount "103"]
[EventDate "2018.12.19"]
[EventType "swiss"]
[EventCountry "RUS"]
[SourceTitle "playchess.com"]
[Source "ChessBase"]
[SourceQuality "1"]

1. c4 c5 2. g3 Nf6 3. Bg2 d5 4. Nf3 Nc6 5. O-O dxc4 6. Qa4 Bd7 7. Qxc4 e6 8. d3 b5 9. Qc2 Be7 10. b3 O-O 11. Bb2 Rc8 12. Nbd2 Nb4 13. Qb1 Bc6 14. a3 Nbd5 15. Rd1 Qb6 16. e4 Nc7 17. e5 Nfd5 18. Ne4 Ne8 19. Qc2 Bb7 20. Qe2 f5 21. exf6 Nexf6 22. Neg5 Nc7 23. Re1 Bd5 24. Rab1 h6 25. Ne4 Nxe4 26. dxe4 Bb7 27. Ne5 Rcd8 28. Rbd1 Qa5 29. Nd7 Rfe8 30. Qg4 e5 31. Bxe5 Bg5 32. Bb2 Bc6 33. Ne5 c4 34. Nxc6 Qb6 35. Nxd8 cxb3 36. Ne6 Nxe6 37. Rf1 Qc5 38. h4 Bd8 39. Rd7 Re7 40. Rxe7 Qxe7 41. Rd1 Bb6 42. Bh3 Nc5 43. Qc8+ Kh7 44. Qf5+ Kg8 45. Kg2 Qxe4+ 46. Qxe4 Nxe4 47. Be6+ Kf8 48. Bxb3 a5 49. Bd5 Nxf2 50. Rf1 Ke7 51. Rxf2 Bxf2 52. Kxf2 1-0

[Event "FIDE World Blitz-ch Women 2018"]
[Site "St. Petersburg"]
[Date "2018.12.30"]
[Round "13.48"]
[White "Diakonova, Ekaterina"]
[Black "Guseva, Marina"]
[Result "0-1"]
[WhiteElo "2225"]
[BlackElo "2408"]
[Annotator "NA"]
[PlyCount "76"]
[EventDate "2018.12.19"]
[EventType "swiss"]
[EventCountry "RUS"]
[SourceTitle "playchess.com"]
[Source "ChessBase"]
[SourceQuality "1"]

1. e4 c6 2. d4 d5 3. e5 Bf5 4. h4 c5 5. dxc5 Nc6 6. Bb5 Qa5+ 7. Nc3 a6 8. Bxc6+ bxc6 9. Be3 Rb8 10. Qc1 e6 11. a3 Bxc5 12. Bxc5 Qxc5 13. Nf3 Ne7 14. h5 h6 15. Rh4 Qa7 16. Ne2 c5 17. c3 O-O 18. Qd2 Be4 19. Qe3 Nf5 20. Qd2 Bxf3 21. Rh2 Bxe2 22. Qxe2 d4 23. g4 Ne7 24. g5 Nf5 25. gxh6 gxh6 26. O-O-O dxc3 27. Rg1+ Kh8 28. Rhg2 Qb7 29. b4 cxb4 30. a4 b3 31. Rg5 b2+ 32. Kb1 c2+ 33. Qxc2 Qb3 34. Qe4 Qa3 35. Rxf5 Qa1+ 36. Kc2 b1=Q+ 37. Rxb1 Qxb1+ 38. Kd2 Qxe4 0-1

[Event "FIDE World Blitz-ch Women 2018"]
[Site "St. Petersburg"]
[Date "2018.12.30"]
[Round "13.49"]
[White "Berend, Elvira"]
[Black "Iljushina, Olga"]
[Result "1-0"]
[WhiteElo "2332"]
[BlackElo "2259"]
[Annotator "NA"]
[PlyCount "87"]
[EventDate "2018.12.19"]
[EventType "swiss"]
[EventCountry "RUS"]
[SourceTitle "playchess.com"]
[Source "ChessBase"]
[SourceQuality "1"]

1. d4 Nf6 2. Nf3 e6 3. g3 b5 4. Bg2 Bb7 5. O-O Be7 6. a4 b4 7. c3 Nc6 8. Ne5 d5 9. Nd3 a5 10. Nd2 O-O 11. Nb3 Ba6 12. Nbc5 Bc4 13. Bd2 bxc3 14. bxc3 Rb8 15. Qc2 Bxc5 16. dxc5 Ne4 17. Rfb1 Qe7 18. Be3 Bxd3 19. exd3 Nxc5 20. h4 Nd7 21. Bg5 f6 22. Bd2 Nde5 23. Re1 Nd7 24. Bxd5 Nce5 25. Bg2 Qd6 26. d4 Nc4 27. Bf4 e5 28. dxe5 fxe5 29. Rad1 Rb2 30. Qe4 Qc5 31. Qd5+ Qxd5 32. Bxd5+ Kh8 33. Bxc4 exf4 34. Rxd7 fxg3 35. fxg3 h5 36. Rf7 Rd8 37. Rf2 Rb6 38. Bf7 Rc6 39. Re3 Rc5 40. Kg2 Rb8 41. Bg6 Rc6 42. Bxh5 Rc4 43. Bg6 Rxa4 44. Rfe2 1-0

[Event "FIDE World Blitz-ch Women 2018"]
[Site "St. Petersburg"]
[Date "2018.12.30"]
[Round "13.50"]
[White "Strutinskaia, Galina"]
[Black "Ovod, Evgenija"]
[Result "0-1"]
[WhiteElo "2201"]
[BlackElo "2367"]
[Annotator "NA"]
[PlyCount "108"]
[EventDate "2018.12.19"]
[EventType "swiss"]
[EventCountry "RUS"]
[SourceTitle "playchess.com"]
[Source "ChessBase"]
[SourceQuality "1"]

1. d4 d5 2. c4 e6 3. Nf3 Nf6 4. Nc3 c5 5. cxd5 Nxd5 6. e3 Be7 7. Be2 O-O 8. O-O b6 9. dxc5 Nxc3 10. bxc3 Bxc5 11. Qc2 Bb7 12. Rd1 Qc7 13. a4 Nc6 14. e4 Rad8 15. Bg5 f6 16. Bh4 e5 17. Bg3 Rxd1+ 18. Qxd1 Rd8 19. Qb3+ Kf8 20. Nh4 Ne7 21. Qc4 Rd2 22. Kf1 Qc6 23. Nf3 Rb2 24. Bd3 Ng6 25. h4 Nf4 26. Re1 Nxd3 27. Qxd3 Qxa4 28. Qd8+ Qe8 29. Qc7 Ba6+ 30. Kg1 Qe7 31. Qb8+ Kf7 32. h5 Qb7 33. Qh8 h6 34. Qh7 Qe7 35. Nh4 Qe6 36. Nf5 Bf8 37. Qg6+ Kg8 38. Nxh6+ Kh8 39. Nf5 Bc4 40. h6 Qf7 41. hxg7+ Bxg7 42. Qg4 Be6 43. Rd1 Bxf5 44. Rd8+ Kh7 45. Qh3+ Bxh3 46. gxh3 Qg6 47. Rd7 Qxe4 48. Kh2 Qf5 49. Rxa7 Rxf2+ 50. Bxf2 Qxf2+ 51. Kh1 e4 52. Re7 e3 53. h4 e2 54. h5 e1=Q+ 0-1

[Event "FIDE World Blitz-ch Women 2018"]
[Site "St. Petersburg"]
[Date "2018.12.30"]
[Round "13.51"]
[White "Sudakova, Irina"]
[Black "Makarenko, Alexandra"]
[Result "1-0"]
[WhiteElo "2313"]
[BlackElo "2228"]
[Annotator "NA"]
[PlyCount "113"]
[EventDate "2018.12.19"]
[EventType "swiss"]
[EventCountry "RUS"]
[SourceTitle "playchess.com"]
[Source "ChessBase"]
[SourceQuality "1"]

1. e4 e5 2. Nf3 Nc6 3. Nc3 Nf6 4. g3 d5 5. exd5 Nxd5 6. Bg2 Nxc3 7. bxc3 Be7 8. O-O O-O 9. Re1 Bf6 10. Rb1 Rb8 11. d3 b6 12. h4 h6 13. Nh2 Qd7 14. Qh5 Re8 15. Bd2 Ne7 16. g4 c5 17. g5 hxg5 18. hxg5 g6 19. Qh4 Bg7 20. Be4 c4 21. f3 Qh3 22. Qxh3 Bxh3 23. dxc4 f5 24. gxf6 Bxf6 25. Ng4 Bxg4 26. fxg4 Rbc8 27. Bd3 Nc6 28. Bxg6 Re7 29. Bf5 Rd8 30. Rbd1 Na5 31. Bd3 Rc8 32. Re4 Rec7 33. Rf1 Bg7 34. g5 Nxc4 35. Bc1 Nd6 36. Rh4 Re8 37. Bh7+ Kh8 38. Bg6+ Kg8 39. Bxe8 Nxe8 40. Rh3 Nd6 41. Ba3 Nc4 42. Bc1 e4 43. Re1 Re7 44. Rh4 Rc7 45. Rhxe4 Bxc3 46. Rf1 Nd6 47. Re6 Bd4+ 48. Kg2 Nf7 49. Bf4 Rxc2+ 50. Kh3 Rc3+ 51. Kg4 Rc4 52. Kf5 Kf8 53. g6 Nd8 54. Bh6+ Bg7 55. Kg5+ Kg8 56. Re8+ Bf8 57. Rfxf8# 1-0

[Event "FIDE World Blitz-ch Women 2018"]
[Site "St. Petersburg"]
[Date "2018.12.30"]
[Round "13.52"]
[White "Romanovskaya, Anna"]
[Black "Shaydullina, Sandugach"]
[Result "0-1"]
[WhiteElo "2210"]
[BlackElo "2033"]
[Annotator "NA"]
[PlyCount "83"]
[EventDate "2018.12.19"]
[EventType "swiss"]
[EventCountry "RUS"]
[SourceTitle "playchess.com"]
[Source "ChessBase"]
[SourceQuality "1"]

1. e4 c5 2. Nc3 Nc6 3. Bb5 Nd4 4. Bc4 a6 5. Nf3 e6 6. Nxd4 cxd4 7. Ne2 Qb6 8. d3 d5 9. exd5 exd5 10. Bb3 Nf6 11. O-O Be7 12. Bg5 O-O 13. Nf4 Be6 14. Re1 h6 15. Bxf6 Bxf6 16. Nxd5 Bxd5 17. Bxd5 a5 18. a4 Qc5 19. Bb3 Ra6 20. Qf3 Qc7 21. Re4 Rd6 22. Rae1 Qd7 23. Qh5 b6 24. h3 Kh8 25. f4 Rc6 26. g4 Rc5 27. g5 Bxg5 28. Qg4 f5 29. Re8 fxg4 30. Rxf8+ Kh7 31. Bg8+ Kg6 32. Be6 Qd6 33. hxg4 Qxf8 34. Bf5+ Kf7 35. fxg5 hxg5 36. Re6 Rxf5 37. gxf5 Qc5 38. Re2 Qb4 39. b3 Kf6 40. Rf2 Qe1+ 41. Kg2 g4 42. Kg3 0-1

[Event "FIDE World Blitz-ch Women 2018"]
[Site "St. Petersburg"]
[Date "2018.12.30"]
[Round "13.53"]
[White "Styazhkina, Anna"]
[Black "Bulatova, Kamaliya"]
[Result "1-0"]
[WhiteElo "2274"]
[BlackElo "2007"]
[Annotator "NA"]
[PlyCount "89"]
[EventDate "2018.12.19"]
[EventType "swiss"]
[EventCountry "RUS"]
[SourceTitle "playchess.com"]
[Source "ChessBase"]
[SourceQuality "1"]

1. e4 c5 2. Nf3 d6 3. d4 cxd4 4. Qxd4 Nc6 5. Bb5 Bd7 6. Qd3 g6 7. c4 Bg7 8. Nc3 a6 9. Bxc6 Bxc6 10. O-O Nf6 11. Rd1 O-O 12. Be3 Rc8 13. h3 Qa5 14. a3 Qc7 15. Rac1 Nd7 16. Bd4 Bh6 17. Rc2 Rfd8 18. Qe2 Qb8 19. Nd5 Bf8 20. b3 b5 21. Rdc1 e5 22. Be3 Bxd5 23. exd5 bxc4 24. bxc4 Nc5 25. Nd2 f5 26. f4 Re8 27. Bxc5 Rxc5 28. Nf3 exf4 29. Qd2 Qa7 30. Kh1 Re4 31. Ng5 Re3 32. Ne6 Rc8 33. Nxf4 Bh6 34. Qf2 Rce8 35. Ne6 Qb8 36. a4 Qb3 37. Kh2 R8xe6 38. dxe6 Bg7 39. Re2 Be5+ 40. Kh1 Rd3 41. e7 Kf7 42. c5 Qa3 43. Rce1 Bg3 44. e8=Q+ Kf6 45. Qe7# 1-0

[Event "FIDE World Blitz-ch Women 2018"]
[Site "St. Petersburg"]
[Date "2018.12.30"]
[Round "13.54"]
[White "Borisova, Ekaterina"]
[Black "Dumcheva, Julia"]
[Result "1-0"]
[WhiteElo "2244"]
[BlackElo "2168"]
[Annotator "NA"]
[PlyCount "44"]
[EventDate "2018.12.19"]
[EventType "swiss"]
[EventCountry "RUS"]
[SourceTitle "playchess.com"]
[Source "ChessBase"]
[SourceQuality "1"]

1. d4 Nf6 2. c4 g6 3. g3 Bg7 4. Bg2 d6 5. Nc3 O-O 6. Nf3 Nbd7 7. O-O e6 8. e4 c5 9. d5 e5 10. a3 a6 11. b4 b6 12. bxc5 Bb7 13. Qe2 Qc7 14. Bb2 Rfc8 15. Nd2 Nh5 16. Rae1 b5 17. cxb5 axb5 18. Nxb5 Qb6 19. Nc3 Rab8 20. Bh3 Rc7 21. Ra1 Ba6 22. Rfc1 Bd3 1-0

[Event "FIDE World Blitz-ch Women 2018"]
[Site "St. Petersburg"]
[Date "2018.12.30"]
[Round "13.55"]
[White "Vasilevich, Irina"]
[Black "Maroroa, Sue"]
[Result "1-0"]
[WhiteElo "2258"]
[BlackElo "2120"]
[Annotator "NA"]
[PlyCount "59"]
[EventDate "2018.12.19"]
[EventType "swiss"]
[EventCountry "RUS"]
[SourceTitle "playchess.com"]
[Source "ChessBase"]
[SourceQuality "1"]

1. b3 e5 2. Bb2 Nc6 3. e3 d5 4. Be2 Nf6 5. d3 Bd6 6. Nd2 Qe7 7. a3 h6 8. c4 a5 9. cxd5 Nxd5 10. Ngf3 Nf6 11. Qc2 Bf5 12. O-O O-O 13. Rfe1 Rfe8 14. Ne4 Nxe4 15. dxe4 Bg6 16. Bb5 Qe6 17. Nh4 Bf8 18. Nxg6 Qxg6 19. Rac1 Re6 20. Bc4 Rf6 21. Bd5 Re8 22. Qe2 Qg5 23. f4 exf4 24. Bxf6 Qxf6 25. exf4 Qxf4 26. Rf1 Nd4 27. Qd3 Qg4 28. Qxd4 b6 29. Bxf7+ Kh8 30. Bxe8 1-0

[Event "FIDE World Blitz-ch Women 2018"]
[Site "St. Petersburg"]
[Date "2018.12.30"]
[Round "13.56"]
[White "Kirchei, Viktoriia"]
[Black "Sviridova, Vlada"]
[Result "1-0"]
[WhiteElo "1972"]
[BlackElo "2144"]
[Annotator "NA"]
[PlyCount "85"]
[EventDate "2018.12.19"]
[EventType "swiss"]
[EventCountry "RUS"]
[SourceTitle "playchess.com"]
[Source "ChessBase"]
[SourceQuality "1"]

1. d3 d5 2. g3 Nf6 3. Bg2 e6 4. Nd2 c5 5. e3 g6 6. Ne2 Bg7 7. O-O O-O 8. h3 Nc6 9. f4 b6 10. g4 Bb7 11. Ng3 Rc8 12. Nf3 Qc7 13. Qe1 e5 14. f5 Nb4 15. Qf2 e4 16. dxe4 Nxe4 17. Nxe4 dxe4 18. Ng5 Qe5 19. a3 Na6 20. h4 Rce8 21. Rb1 Nc7 22. Bd2 h6 23. Nh3 Nd5 24. c4 Nf6 25. Qe2 Qg3 26. Rf4 h5 27. Be1 Qxf4 28. Nxf4 Nxg4 29. fxg6 fxg6 30. Nxg6 Rf6 31. Nf4 Bh6 32. Bc3 Rf5 33. Rf1 Ref8 34. Nxh5 Bxe3+ 35. Kh1 Rxf1+ 36. Bxf1 Nf2+ 37. Kg2 Bc8 38. Qxe3 Bh3+ 39. Kg1 Bxf1 40. Qg5+ Kf7 41. Qf6+ Ke8 42. Ng7+ Kd7 43. Qxf8 1-0